• 首页
  • 本馆介绍
  • 公告通知
  • 最新文献
  • 馆藏检索
  • 电子资源
  • 读者导购
  • 参考咨询
  • 我的图书馆
  • 登录
  • 详细信息显示
  • 放入我的书架
  • 预约/预借图书
  • 作者相关作品
  • 分类相关作品
  • 丛书相关作品
  • 出版社相关作品

书目信息

  • 表格格式
  • 工作单格式
  • 卡片格式
题名:
宝鼎英雄
    
 
作者: 张兴敏 主编 ;攀煤 (集团) 公司 编著
分册:  
出版信息: 成都   四川民族出版社  2020.06
页数: 247页, [4] 页图版
开本: 26cm
丛书名:
单 册:
中图分类: I253.3 , K828.1
科图分类:
主题词: 煤矿企业--mei kuang qi ye--先进工作者--生平事迹--攀枝花市--现代 , 传记文学--chuan ji wen xue--中国--当代
电子资源:
ISBN: 978-7-5409-9073-2
000 01166nam0 2200301 450
001 2373376543
005 20231130202307.10
010    @a978-7-5409-9073-2@dCNY48.00
100    @a20211125d2020 em y0chiy50 ea
101 0  @achi
102    @aCN@b510000
105    @aaf z 000zd
106    @ar
200 1  @a宝鼎英雄@Abao ding ying xiong@e亓伟的故事@f攀煤 (集团) 公司编著
210    @a成都@c四川民族出版社@d2020.06
215    @a247页, [4] 页图版@c图@d26cm
314    @a书内题: 张兴敏主编
330    @a本书共七章, 内容包括: “筚路蓝缕: 燃烧的生命”“宝鼎风华: 强将手下无弱兵”“他很不一样: 另一面的真实”“走进内心: 亲人的思念”“铁汉有情: 他们眼中的亓伟”“只言片语: 特殊岁月里的那些事”“岁月如歌: 忠魂祭”。
517 1  @a亓伟的故事@Aqi wei de gu shi
600  0 @a亓伟,@Aqi wei@f1911-1972@x生平事迹
606 0  @a煤矿企业@Amei kuang qi ye@x先进工作者@x生平事迹@y攀枝花市@z现代
606 0  @a传记文学@Achuan ji wen xue@y中国@z当代
690    @aI253.3@v5
690    @aK828.1
701  0 @a张兴敏@Azhang xing min@4主编
712 02 @a攀煤 (集团) 公司@Apan mei ( ji tuan ) gong si@4编著
801    @aCN@b山东中教@c20231121
905    @aBZT@dI253.3@e155
    
    宝鼎英雄:亓伟的故事/攀煤 (集团) 公司编著.-成都:四川民族出版社,2020.06
    247页, [4] 页图版:图;26cm
    
    
    ISBN 978-7-5409-9073-2:CNY48.00
    本书共七章, 内容包括: “筚路蓝缕: 燃烧的生命”“宝鼎风华: 强将手下无弱兵”“他很不一样: 另一面的真实”“走进内心: 亲人的思念”“铁汉有情: 他们眼中的亓伟”“只言片语: 特殊岁月里的那些事”“岁月如歌: 忠魂祭”。
●
相关链接 在五车中查询图书 在当当中查询图书 在豆瓣中查询图书


正题名:宝鼎英雄     索取号:I253.3/155         预约/预借

序号 登录号 条形码 馆藏地/架位号 状态 备注
1 2001053817   2001053817   中教第一批/山东中教(第二批)/766/ [索取号:I253.3/155] 在馆    
2 2001053818   2001053818   中教第一批/山东中教(第二批)/766/ [索取号:I253.3/155] 在馆    
3 2001053819   2001053819   中教第一批/山东中教(第二批)/766/ [索取号:I253.3/155] 在馆    
4 2001053820   2001053820   中教第一批/山东中教(第二批)/766/ [索取号:I253.3/155] 在馆    
5 2001053821   2001053821   中教第一批/山东中教(第二批)/766/ [索取号:I253.3/155] 在馆    
6 2001053822   2001053822   中教第一批/山东中教(第二批)/766/ [索取号:I253.3/155] 在馆    
山东省滨州职业学院图书馆 欢迎您!
大连网信软件有限公司© 版权所有